000 00357nam a2200145Ia 4500
008 151213s9999 xx 000 0 und d
100 _aA. L Phatak
245 _aInternational Management
_cA. L Phatak
260 _aOhio
_bSouth Western
_c1996
300 _a2762 p.
650 _aManagement
650 _aManagement
700 _aA. L Phatak
999 _c1872
_d1872